00967cam a2200289 a 450000100060000000300100000600500170001600700030003300800410003602000150007704000260009204100130011808200160013110000280014724501210017525000250029630000420032133600270036333700330039033800280042349000270045152100420047853400370052065000470055770000400060470000330064459232CO-BoRNBP20250919210811.0ta170605r2016 ck ao gr 000 j spa  a9681910133 aCO-BoBNbspacCO-BoBN1 aspaheng04a823.9142231 aDahl, Roald,d1916-199010aDanny, el campeón del mundo /cRoald Dahl ; ilustraciones de Quentin Blake ; [de la traducción, Maribel de Juan] a1a. ed., 1a. reimpr. a268, [3] p. :bil., fot. byn ;c20 cm 2rdacontentatextobtxt 2rdamediaasin mediaciónbn 2rdacarrieravolumenbnc0 aColección Roald Dahl1 aPara niños de 12 años en adelante tDanny, the champion of the world14aCuentos juveniles inglesesySiglo XX2LEMB1 aBlake, Quentin,d1932-,eilustrador1 aJuan, Maribel de,etraductor